| 000 | 00927nam a2200205Ia 4500 | ||
|---|---|---|---|
| 999 |
_c40332 _d40332 |
||
| 001 | 6940 | ||
| 003 | GE_BSU | ||
| 005 | 20200212120710.0 | ||
| 008 | 181216s1928||||ge |||||||||||||| ||geo|| | ||
| 040 | _cGE_BSU | ||
| 041 | _ageo | ||
| 080 | _a821.353.1-11 გ-92 | ||
| 100 |
_aგუგუნავა, სიმონ. _92953 |
||
| 245 |
_aთამარიანი : _bისტორიული პოემა / _cსიმონ გუგუნავა ; წინასიტყვაობა ი. გრიშაშვილისა. |
||
| 264 |
_aტფილისი : _bგამოცემა საქ. მწერალთა კავშირის წიგნის მაღაზია, _c1928. |
||
| 300 |
_a135 გვ. : _bფოტო-პორტრეტი ; _c23 სმ. |
||
| 653 | _aთამარიანი | ||
| 653 | _aისტორიული პოემა | ||
| 942 |
_cBK _2udc |
||